Music Quiz

Random Music or Rock Quiz
Score 0/40 Timer 12:00
100 Plays Today
% Correct
The White Stripes
85.7%
Coldplay
85%
Tenacious D
65.4%
Nickelback
62.4%
Paramore
59.7%
Slipknot
59.5%
Evanescence
58.8%
Limp Bizkit
58.4%
Sum 41
58.3%
Linkin Park
57.5%
Fall Out Boy
52.7%
Thirty Seconds to Mars
49.9%
Panic! at the Disco
47.9%
System of a Down
46.9%
Good Charlotte
44.9%
The Darkness
42.3%
Muse
42.1%
Matchbox Twenty
40.8%
Audioslave
39.4%
Queens of the Stone Age
36%
% Correct
My Chemical Romance
35.9%
The Killers
31.7%
Disturbed
26.3%
Arcade Fire
26.2%
All American Rejects
25.7%
Kings of Leon
25.7%
Arctic Monkeys
25.6%
Creed
25%
The Strokes
24.2%
Them Crooked Vultures
24%
Avenged Sevenfold
23.3%
Yeah Yeah Yeahs
23.2%
Franz Ferdinand
21.9%
The Hives
20.6%
Hoobastank
19.8%
OK Go
19.7%
Bloc Party
19.6%
Coheed and Cambria
19.2%
Death Cab for Cutie
18.5%
AFI
14.8%
Remove Ads.
Support Sporcle.
Get the best of Sporcle when you Go Orange. This ad-free experience offers more features, more stats, and more fun while also helping to support Sporcle. Thank you for becoming a member.

You're not logged in!

Compare scores with friends on all Sporcle quizzes.
OR
Log In

Show Comments

Extras

Top Quizzes Today


Score Distribution

Your Account Isn't Verified!

In order to create a playlist on Sporcle, you need to verify the email address you used during registration. Go to your Sporcle Settings to finish the process.

Report this User

Report this user for behavior that violates our Community Guidelines.

Details: